| 000 | 01241cam a22003254a 4500 | ||
|---|---|---|---|
| 999 |
_c23251 _d23251 |
||
| 001 | 14401243 | ||
| 003 | OSt | ||
| 005 | 20200515090757.0 | ||
| 008 | 060515s2005 enkab b 001 0 eng | ||
| 010 | _a 2006389550 | ||
| 020 | _a97881851683901 | ||
| 035 | _a(CaONFCNI)ny4739064 | ||
| 040 |
_aDLC _coclc _dDLC |
||
| 043 | _aa-tu--- | ||
| 050 | 0 | 0 |
_aDR534 _b.H38 2005 |
| 082 |
_a962.03 _bHAT/B |
||
| 100 |
_aHathaway, Jane _d1962- _92307 |
||
| 245 | 1 | 0 |
_aBeshir Agha : _bchief eunuch of the Ottoman Imperial harem / _cJane Hathaway. |
| 260 |
_aLondon : _bOneworld Publications, _c2005. |
||
| 300 |
_axv, 131 p. : _bill., maps ; _c22 cm. |
||
| 490 | 0 | _aMakers of the Muslim world | |
| 504 | _aIncludes bibliographical references (p. 123-124) and index. | ||
| 650 | 0 |
_aHistory & geography _vIslamic History _92271 |
|
| 651 | 0 |
_aTurkey _xHistory _y17th century. |
|
| 651 | 0 |
_aTurkey _xHistory _y18th century. |
|
| 856 | 4 | 2 |
_3Publisher description _uhttp://www.loc.gov/catdir/enhancements/fy1409/2006389550-d.html |
| 906 |
_a7 _bcbc _corigres _d3 _encip _f20 _gy-gencatlg |
||
| 942 |
_2ddc _cBK _h962.03 _iHAT/B _k962.03 _mHAT/B |
||